Normal view MARC view

Entry Personal Name

Number of records used in: 1

001 - CONTROL NUMBER

  • control field: 1554

003 - CONTROL NUMBER IDENTIFIER

  • control field: DLC

005 - DATE AND TIME OF LATEST TRANSACTION

  • control field: 20200125121043.0

008 - FIXED-LENGTH DATA ELEMENTS

  • fixed length control field: 831108n| acannaab| |a aaa |||

010 ## - LIBRARY OF CONGRESS CONTROL NUMBER

  • LC control number: n 83190974

040 ## - CATALOGING SOURCE

  • Original cataloging agency: DLC
  • Transcribing agency: DLC
  • Modifying agency: DLC

100 10 - HEADING--PERSONAL NAME

  • Personal name: Claggett, James R.,
  • Dates associated with a name: 1951-

400 10 - SEE FROM TRACING--PERSONAL NAME

  • Personal name: Claggett, J. R.
  • Fuller form of name: (James R.),
  • Dates associated with a name: 1951-

670 ## - SOURCE DATA FOUND

  • Source citation: Murdick, R. G. Information systems for modern management (a.e.)
  • Information found: CIP t.p. (James R. Claggett) data sheet (b. 10/13/51)

670 ## - SOURCE DATA FOUND

  • Source citation: His Introduction to management information systems, c1989:
  • Information found: CIP t.p. (J.R. Claggett; IBM)

Powered by Koha